Countries by Their Prior Flags (Hard) - Statistics

General Stats
  • This quiz has been taken 40 times
  • The average score is 4 of 16
Answer Stats
Picture Answer % Correct
Spain
67%
Russia
58%
Denmark
48%
Estonia
48%
Moldova
48%
Iran
42%
Liechtenstein
24%
Guyana
21%
Benin
18%
Kiribati
18%
Armenia
12%
Guatemala
12%
Cyprus
9%
Dominica
9%
Solomon Islands
6%
Brunei
3%
No matching quizzes found
Score Distribution
Percent of People with Each Score
Percentile by Number Answered
Your Score History
You have not taken this quiz